000 00964nam a22002537a 4500
005 20240530110654.0
008 171218s2016 ua g b 000 1 ara d
017 _a2015/22072
_bمصر. دار الكتب
020 _a9777800266
040 _aEG-CaGPL
_cEG-CaGPL
082 0 4 _221
_a813.009 /
_bش ت
100 0 _aشحاتة محمد الحو
245 1 0 _aتقنيات التفسير السردى :
_bدراسة تطبيقية على القصة القصيرة والرواية عند احمد ماضى /
_cشحاتة محمد الحو
250 _aط.1
260 _aالقاهرة :
_c2016.
300 _a324 ص. ؛
_c24 سم.
504 _aيشتمل على ارجاعات ببليوجرافية
650 0 7 _2qrmak
_aالادب العربى
650 0 7 _2qrmak
_aالقصص العربية
_xتاريخ ونقد
650 0 7 _2qrmak
_aالسرد الادبى
651 _2qrmak
942 _2ddc
_cBK
999 _c63702
_d63702